Ο ρόλος της συναισθηματικής νοημοσύνης στην εκδήλωση και ανάπτυξη του γονεϊκού άγχους : διπλωματική εργασία
Αποθηκεύτηκε σε:
| Κύριος συγγραφέας: | |
|---|---|
| Άλλοι συγγραφείς: | , , |
| Μορφή: | Thesis Βιβλίο |
| Γλώσσα: | Greek |
| Δημοσίευση: |
Ρόδος :
Πανεπιστήμιο Αιγαίου, Σχολή Ανθρωπιστικών Επιστημών,
2006.
|
| Θέματα: | |
| Ετικέτες: |
Προσθήκη ετικέτας
Δεν υπάρχουν, Καταχωρήστε ετικέτα πρώτοι!
|
MARC
| LEADER | 00000cam a2200000 i 4500 | ||
|---|---|---|---|
| 001 | 1/37904 | ||
| 008 | 061121s2006 gre d | ||
| 035 | |l 10086213 | ||
| 040 | |a GR-MY-UA |b gre |e aacr | ||
| 041 | 0 | |a gre | |
| 082 | 7 | |a 152.4 |2 (22) | |
| 100 | 1 | |a Χαριτάκη, Μαρία. | |
| 245 | 1 | 2 | |a Ο ρόλος της συναισθηματικής νοημοσύνης στην εκδήλωση και ανάπτυξη του γονεϊκού άγχους : |b διπλωματική εργασία / |c Μαρίας Χαριτάκη ; Τσαούσης Ιωάννης (επιβλέπων) ; Πολεμικός Νικήτας, Παπαηλιού Χριστίνα. |
| 260 | |a Ρόδος : |b Πανεπιστήμιο Αιγαίου, Σχολή Ανθρωπιστικών Επιστημών, |c 2006. | ||
| 300 | |a 60 σ. : |b πίν., σχεδιαγρ. ; |c 30 εκ. | ||
| 502 | |a Πτυχιακή εργασία – Πανεπιστήμιο Αιγαίου, Ρόδος, 2006. | ||
| 504 | |a Περιέχει ερωτηματολόγιο και βιβλιογραφικές παραπομπές. | ||
| 610 | 2 | 0 | |a University of the Aegean |x Dissertations. |
| 650 | 0 | 0 | |a Dissertations, Academic. |
| 650 | 0 | 0 | |a Emotional intelligence. |
| 650 | 0 | 0 | |a Stress (Psychology) |x Social aspects. |
| 700 | 1 | |a Τσαούσης, Ιωάννης. |4 ths | |
| 700 | 1 | |a Πολεμικός, Νικήτας Ε. |4 ths | |
| 700 | 1 | |a Παπαηλιού, Χριστίνα Φ. |4 ths | |
| 852 | |a INST |b RHODES |c DIATR |e 20061121 |h 152.4 ΧΑΡ |p 005400024345 |q 005400024345 |t DIE |y 23 | ||
| 852 | |a INST |b RHODES |c DIATR |e 20061121 |h 152.4 ΧΑΡ |p 005400024346 |q 005400024346 |t DIE |y 23 | ||
| 901 | |a BIBL4-2006-3 | ||
| 909 | |a Ρ |b 126873 | ||
| 909 | |a Ρ |b 126874 | ||
| 924 | |a ΧΑΡΙΤΑΚΗ |b ΜΑΡΙΑ |y Ρόδος |z 2006-07 | ||
| 970 | |a ΣΙΔΕΡΗ |b ΝΕΚΤΑΡΙΑ |z 2006/11/21 | ||